Fruits and Vegetables by Emoji Quiz Stats

Quiz Updated Jan 20, 2018

Also try: Movies by Emoji
Challenge
Share
Tweet
Score 0/24 Timer 04:00
77 Plays Today
Hint Answer % Correct
Apple
97.5%
Corn
97.5%
Carrot
97.4%
Cherries
97.3%
Strawberry
97.3%
Tomato
97.3%
Watermelon
97.2%
Potato
97.2%
Banana
97.1%
Grapes
97.1%
Lemon
97.1%
Pineapple
97%
Hint Answer % Correct
Pear
97%
Coconut
96.9%
Cucumber
96.6%
Tangerine
96.6%
Kiwi
96.5%
Hot Pepper
96.4%
Peach
96%
Broccoli
95.2%
Eggplant
94.8%
Avocado
93.7%
Sweet Potato
85.5%
Melon
82.1%

You're not logged in!

Compare scores with friends on all Sporcle quizzes.
Sign Up with Email
OR
Log In

You Might Also Like...

Show Comments

Extras

Top Quizzes Today


Score Distribution

Your Account Isn't Verified!

In order to create a playlist on Sporcle, you need to verify the email address you used during registration. Go to your Sporcle Settings to finish the process.

Report this User

Report this user for behavior that violates our Community Guidelines.

Details: